<?xml version="1.0" encoding="UTF-8"?>
<record
    xmlns:xsi="http://www.w3.org/2001/XMLSchema-instance"
    xsi:schemaLocation="http://www.loc.gov/MARC21/slim http://www.loc.gov/standards/marcxml/schema/MARC21slim.xsd"
    xmlns="http://www.loc.gov/MARC21/slim">

  <leader>00812nam a2200229Ia 4500</leader>
  <datafield tag="999" ind1=" " ind2=" ">
    <subfield code="c">53754</subfield>
    <subfield code="d">53754</subfield>
  </datafield>
  <controlfield tag="001">20802</controlfield>
  <controlfield tag="003">GE_BSU</controlfield>
  <controlfield tag="005">20221110135333.0</controlfield>
  <controlfield tag="008">181216s2015||||enk|||||||||||||| ||eng||</controlfield>
  <datafield tag="020" ind1=" " ind2=" ">
    <subfield code="a">9783659706394x</subfield>
  </datafield>
  <datafield tag="040" ind1=" " ind2=" ">
    <subfield code="c">GE_BSU</subfield>
  </datafield>
  <datafield tag="041" ind1=" " ind2=" ">
    <subfield code="a">eng</subfield>
  </datafield>
  <datafield tag="080" ind1=" " ind2=" ">
    <subfield code="a">327 N-64</subfield>
  </datafield>
  <datafield tag="100" ind1=" " ind2=" ">
    <subfield code="a">Nikolaeva, Venera</subfield>
    <subfield code="9">11408</subfield>
  </datafield>
  <datafield tag="245" ind1=" " ind2=" ">
    <subfield code="a">Regional policy of the Eu :</subfield>
    <subfield code="b">New Challenges in Absorption and Implementation of Structural Assistance /</subfield>
    <subfield code="c">Venera Nikolaeva.</subfield>
  </datafield>
  <datafield tag="264" ind1=" " ind2=" ">
    <subfield code="a">Germany :</subfield>
    <subfield code="b">LAP Lambert Academic Publishing,</subfield>
    <subfield code="c">2015.</subfield>
  </datafield>
  <datafield tag="300" ind1=" " ind2=" ">
    <subfield code="a">57 p. ;</subfield>
    <subfield code="e">23 cm.</subfield>
  </datafield>
  <datafield tag="653" ind1=" " ind2=" ">
    <subfield code="a">Regional policy of the Eu : New Challenges in Absorption and Implementation of Structural Assistance</subfield>
  </datafield>
  <datafield tag="653" ind1=" " ind2=" ">
    <subfield code="a">&#x10DE;&#x10DD;&#x10DA;&#x10D8;&#x10E2;&#x10D8;&#x10D9;&#x10D0;</subfield>
  </datafield>
  <datafield tag="653" ind1=" " ind2=" ">
    <subfield code="a">&#x10E0;&#x10D4;&#x10D2;&#x10D8;&#x10DD;&#x10DC;&#x10D0;&#x10DA;&#x10E3;&#x10E0;&#x10D8; &#x10DE;&#x10DD;&#x10D8;&#x10DA;&#x10D8;&#x10E2;&#x10D8;&#x10D9;&#x10D0;</subfield>
  </datafield>
  <datafield tag="942" ind1=" " ind2=" ">
    <subfield code="c">BK</subfield>
    <subfield code="2">udc</subfield>
  </datafield>
  <datafield tag="952" ind1=" " ind2=" ">
    <subfield code="0">0</subfield>
    <subfield code="1">0</subfield>
    <subfield code="2">udc</subfield>
    <subfield code="4">0</subfield>
    <subfield code="6">327_N64</subfield>
    <subfield code="7">0</subfield>
    <subfield code="9">76303</subfield>
    <subfield code="a">CPL</subfield>
    <subfield code="b">CPL</subfield>
    <subfield code="c">GEN</subfield>
    <subfield code="d">2018-12-17</subfield>
    <subfield code="g">102.00</subfield>
    <subfield code="o">327 N-64</subfield>
    <subfield code="p">54195</subfield>
    <subfield code="r">2018-12-17</subfield>
    <subfield code="t">54195</subfield>
    <subfield code="w">2018-12-17</subfield>
    <subfield code="y">BK</subfield>
    <subfield code="z">102.00 GEL.</subfield>
  </datafield>
  <datafield tag="952" ind1=" " ind2=" ">
    <subfield code="0">0</subfield>
    <subfield code="1">0</subfield>
    <subfield code="2">udc</subfield>
    <subfield code="4">0</subfield>
    <subfield code="6">327_N64</subfield>
    <subfield code="7">0</subfield>
    <subfield code="9">76304</subfield>
    <subfield code="a">CPL</subfield>
    <subfield code="b">CPL</subfield>
    <subfield code="c">GEN</subfield>
    <subfield code="d">2018-12-17</subfield>
    <subfield code="g">102.00</subfield>
    <subfield code="o">327 N-64</subfield>
    <subfield code="p">54196</subfield>
    <subfield code="r">2018-12-17</subfield>
    <subfield code="t">54196</subfield>
    <subfield code="w">2018-12-17</subfield>
    <subfield code="y">BK</subfield>
    <subfield code="z">102.00 GEL.</subfield>
  </datafield>
</record>
